|
|
|
|
| LEADER |
00000cam a2200000 7i4500 |
| 001 |
0000019058 |
| 005 |
20080620.0 |
| 008 |
080604 |
| 020 |
|
|
|a 1843094231
|
| 090 |
0 |
0 |
|a 636.68
|b ALD
|
| 100 |
1 |
|
|a Alderton, David
|
| 245 |
1 |
4 |
|a The encyclopedia of caged and aviary birds :
|b a comprehensive visual guide to pet birds of the world
|c David Alderton
|
| 260 |
|
|
|a London :
|b Hermes House ,
|c 2002
|
| 650 |
|
0 |
|a Cage birds
|x Encyclopedias
|
| 999 |
|
|
|a 0000926271
|b Book
|c Adult Collection
|e Cawangan Bukit Gambir
|
| 999 |
|
|
|a 0000937399
|b Book
|c REFERENCE
|e Cawangan Tangkak
|
| 999 |
|
|
|a 0000937400
|b Book
|c REFERENCE
|e Cawangan Tangkak
|
| 999 |
|
|
|a 0001021292
|b Book
|c Adult Collection
|e Perbadanan Perpustakaan Awam Johor
|